Die Stunde der Mitternachtskinder: zur politischen Rolle und Zukunft der "ersten Freiheitsgeneration"

Saved in:
Bibliographic Details
Main Author: Mitra, Subrata Kumar (Author)
Format: Chapter/Article
Language:German
Published: 1997
In: 50 Jahre Unabhängigkeit auf dem indischen Subkontinent

Online Access: Get full text
Author Notes:Subrata K. Mitra

MARC

LEADER 00000caa a22000002c 4500
001 1430222921
003 DE-627
005 20220810120949.0
007 tu
008 120302s1997 xx ||||| 00| ||ger c
035 |a (DE-627)1430222921 
035 |a (DE-576)360222927 
035 |a (DE-599)BSZ360222927 
035 |a (OCoLC)1340408154 
040 |a DE-627  |b ger  |c DE-627  |e rakwb 
041 |a ger 
084 |a 16  |2 sdnb 
100 1 |a Mitra, Subrata Kumar  |d 1949-  |0 (DE-588)104333367  |0 (DE-627)223551597  |0 (DE-576)16695733X  |4 aut 
245 1 4 |a Die Stunde der Mitternachtskinder  |b zur politischen Rolle und Zukunft der "ersten Freiheitsgeneration"  |c Subrata K. Mitra 
264 1 |c 1997 
336 |a Text  |b txt  |2 rdacontent 
337 |a ohne Hilfsmittel zu benutzen  |b n  |2 rdamedia 
338 |a Band  |b nc  |2 rdacarrier 
773 0 8 |i In  |t 50 Jahre Unabhängigkeit auf dem indischen Subkontinent  |d Iserlohn : Evang. Akad., 1997  |g (1997)  |h 95 S.  |w (DE-627)1627510281  |w (DE-576)068832540  |z 3931845214  |7 nnam  |a Die Stunde der Mitternachtskinder zur politischen Rolle und Zukunft der "ersten Freiheitsgeneration" 
773 1 8 |g year:1997  |a Die Stunde der Mitternachtskinder zur politischen Rolle und Zukunft der "ersten Freiheitsgeneration" 
951 |a AR 
992 |a 20120302 
993 |a BookComponentPart 
994 |a 1997 
998 |g 104333367  |a Mitra, Subrata Kumar  |m 104333367:Mitra, Subrata Kumar  |d 700000  |d 702000  |e 700000PM104333367  |e 702000PM104333367  |k 0/700000/  |k 1/700000/702000/  |p 1  |x j  |y j 
999 |a KXP-PPN1430222921  |e 270601590X 
BIB |a Y 
JSO |a {"id":{"eki":["1430222921"]},"person":[{"role":"aut","family":"Mitra","display":"Mitra, Subrata Kumar","given":"Subrata Kumar"}],"origin":[{"dateIssuedDisp":"1997","dateIssuedKey":"1997"}],"title":[{"title_sort":"Stunde der Mitternachtskinder","title":"Die Stunde der Mitternachtskinder","subtitle":"zur politischen Rolle und Zukunft der \"ersten Freiheitsgeneration\""}],"language":["ger"],"name":{"displayForm":["Subrata K. Mitra"]},"recId":"1430222921","relHost":[{"recId":"1627510281","physDesc":[{"extent":"95 S."}],"origin":[{"publisher":"Evang. Akad.","dateIssuedKey":"1997","publisherPlace":"Iserlohn","dateIssuedDisp":"1997"}],"id":{"eki":["1627510281"],"isbn":["3931845214"]},"titleAlt":[{"title":"Fünfzig Jahre Unabhängigkeit auf dem indischen Subkontinent"}],"name":{"displayForm":["[Evangelische Akademie Iserlohn]"]},"language":["ger"],"disp":"Die Stunde der Mitternachtskinder zur politischen Rolle und Zukunft der \"ersten Freiheitsgeneration\"50 Jahre Unabhängigkeit auf dem indischen Subkontinent","type":{"bibl":"edited-book"},"part":{"text":"(1997)","year":"1997"},"title":[{"title_sort":"50 Jahre Unabhängigkeit auf dem indischen Subkontinent","title":"50 Jahre Unabhängigkeit auf dem indischen Subkontinent","subtitle":"koloniale Kontinuitäten - neue Abhängigkeiten, neue Chancen?; Tagung der Ev. Akademie Iserlohn vom 11. - 13. April 1997"}],"relMultPart":[{"type":{"bibl":"serial"},"disp":"Tagungsprotokolle / Evangelische Akademie Iserlohn","language":["ger"],"recId":"17118808X","titleAlt":[{"title":"Tagungsprotokolle"}],"dispAlt":"Evangelische Akademie Iserlohn: Tagungsprotokoll / Evangelische Akademie Iserlohn","corporate":[{"role":"aut","display":"Evangelische Akademie Iserlohn"}],"title":[{"title":"Tagungsprotokoll / Evangelische Akademie Iserlohn","title_sort":"Tagungsprotokoll / Evangelische Akademie Iserlohn"}],"id":{"issn":["0933-5943"],"eki":["17118808X"],"zdb":["1163006-1"]},"part":{"number":["1997,41"],"number_sort":["1997,41"]},"origin":[{"publisherPlace":"Iserlohn","dateIssuedDisp":"1983-","dateIssuedKey":"1983"}],"pubHistory":["1983 -"]}]}],"type":{"bibl":"chapter"}} 
SRT |a MITRASUBRASTUNDEDERM1997